| 000 | 00701cab a2200289 4500 | ||
|---|---|---|---|
| 001 | ABS50426 | ||
| 008 | 090401t1994 xxu||||| |||| 00| 0 eng d | ||
| 035 | _a(Sirsi) u75661 | ||
| 041 | _aeng | ||
| 245 | _aCentrefolio: West of England | ||
| 260 | _c1994 | ||
| 350 | _a0 | ||
| 490 |
_aProperty Week _v47(4) 28 April 1994, 39-51(11) |
||
| 650 | _aBATH | ||
| 650 | _aBRISTOL | ||
| 650 | _aCHELTENHAM | ||
| 650 | _aGLOUCHESTER | ||
| 650 | _aHEREFORD | ||
| 650 | _aMENTOR | ||
| 650 | _aSTROUD | ||
| 650 | _aTEWKESBURY | ||
| 650 | _aWESTON-SUPER-MARE | ||
| 650 | _aWORCESTER | ||
| 690 | _aPROPERTY-COMMERCIAL PROPERTY-COMMERCIAL PROPERTY MARKET | ||
| 942 | _n0 | ||
| 948 | _c04/03/1997 | ||
| 999 |
_c47592 _d47592 |
||